|
|
|
|
| LEADER |
00000cam a2200000 a 4500 |
| 001 |
vtls010279271 |
| 003 |
SK-MaSNL |
| 005 |
20260301031754.0 |
| 007 |
co bg muuua |
| 008 |
180809s2010 xo dl f 100 0 slo |
| 015 |
|
|
|a SNBS2013
|
| 020 |
|
|
|a 9788022530958
|q (elektronická kniha)
|
| 040 |
|
|
|a SNK
|b slo
|c SNK
|e AACR2
|
| 041 |
0 |
|
|a slo
|b eng
|
| 044 |
|
|
|a xo
|c SK
|
| 072 |
|
7 |
|a 338.3/.4
|x Hospodárske a výrobné odvetvia
|2 konspekt
|
| 072 |
|
7 |
|a 332
|x Regionálna ekonómia, regionálna ekonomika
|2 konspekt
|
| 080 |
|
|
|a 338:[001+004]
|2 2001
|
| 080 |
|
|
|a (062.534)
|2 2001
|
| 080 |
|
|
|a 332.055.2
|2 2001
|
| 080 |
|
|
|a (0.034.44)
|2 2001
|
| 245 |
0 |
0 |
|a Regionálne dimenzie znalostnej ekonomiky
|h elektronický zdroj
|b recenzovaný zborník z vedeckej konferencie, Herľany, 13.-15.10.2010
|c editori: Štefan Rehák, Milan Galata
|
| 246 |
3 |
3 |
|a REDIPE
|
| 250 |
|
|
|a [1. vyd.]
|
| 260 |
|
|
|a Bratislava
|b Ekonóm
|c 2010
|
| 300 |
|
|
|a 1 elektronický optický disk (CD-ROM)
|b grafy, sch., tab.
|c 12 cm
|
| 500 |
|
|
|a Názov z titulnej obrazovky
|
| 504 |
|
|
|a Bibliogr. odkazy
|
| 516 |
|
|
|a Textový dokument (zborník), súbory vo formáte html, pdf
|
| 536 |
|
|
|a Projekt APVV-0230-07 REDIPE - Regionálne dimenzie poznatkovej ekonomiky
|
| 538 |
|
|
|a Technické požiadavky: internetový prehliadač, PDF prehliadač
|
| 546 |
|
|
|a Res. čiast. angl.
|
| 650 |
0 |
7 |
|a znalostná ekonomika
|2 SNKPH
|9 70053
|
| 650 |
0 |
7 |
|a regionálny rozvoj
|2 SNKPH
|9 2352
|
| 650 |
0 |
7 |
|a Knowledge economy
|2 SNKPHeng
|9 325331
|
| 650 |
0 |
7 |
|a Regional development
|2 SNKPHeng
|9 98197
|
| 655 |
|
7 |
|a elektronické zdroje
|2 SNKPH
|9 90954
|
| 655 |
|
7 |
|a CD-ROM
|2 SNKPH
|9 70236
|
| 655 |
|
7 |
|a zborníky konferencií
|2 SNKPH
|9 70153
|
| 655 |
|
7 |
|a Electronic resources
|2 SNKPHeng
|9 175546
|
| 655 |
|
7 |
|a Proceedings of conferences
|2 SNKPHeng
|9 265791
|
| 700 |
1 |
|
|a Rehák, Štefan,
|d 1974-
|4 edt
|9 216299
|
| 700 |
1 |
|
|a Galata, Milan
|4 edt
|9 327846
|
| 919 |
|
|
|a 978-80-225-3095-8
|
| 958 |
|
|
|a NB
|
| 999 |
|
|
|c 577285
|d 579215
|
| 952 |
|
|
|a SNK
|b SNK
|y PREZ
|7 0
|p 17A0703043
|o snkSCDM 3821
|i snk2011/11398
|8 0
|0 0
|1 0
|4 0
|d 2011-05-18
|l 0
|r 2026-02-23 14:37:50
|w 2026-02-23
|
| 952 |
|
|
|t snkREG 332
|a SNKMST
|b SNKMST
|y PREZ
|7 0
|p 17A0703044
|o snkSCDM 3821 D1
|i snk2011/11399
|8 0
|0 0
|1 0
|4 0
|d 2011-05-18
|l 0
|r 2025-08-12 00:00:00
|w 2026-02-23
|